000 00245nam a2200109Ia 4500
008 190216s9999||||xx |||||||||||||| ||und||
100 _aMillan Wright
245 0 _aManaging Yours Self
260 _bMcgraw -hill
650 _aCommerce
942 _cBK
999 _c4493
_d4493